| 000 | 00664nam a22002297a 4500 | ||
|---|---|---|---|
| 005 | 20170124110108.0 | ||
| 010 | _a962666 | ||
| 020 | _c00.00 | ||
| 035 | _a962666 | ||
| 037 | _bCen Lib/Ret | ||
| 040 |
_aDPL _bEN |
||
| 082 |
_a921 _bBAR |
||
| 100 |
_aBarwell, E.H.G. _928458 |
||
| 245 |
_aThe death ray man : _cby E.H.G. Barwell _bthe biography of Grindell Matthews : inventor and pioneer / |
||
| 260 |
_aLondon _bHutchinson |
||
| 270 | _bLondon | ||
| 300 |
_a175p. : _c22cm(Hb) _bill. |
||
| 500 | _aIncludes index | ||
| 650 |
_aMatthews, Harry Grindell, -- 1880-1941 _928459 |
||
| 650 |
_aBiography _97490 |
||
| 942 |
_2ddc _cEN _h921 _mBAR |
||
| 999 |
_c130155 _d130155 |
||